Quizzes
Events
Quiz Creation
Community
Videos
Private Events
Remove Ads
Sign In
Join for FREE
Feedback
Dark Mode
Quiz Categories
Sports
Geography
Music
Movies
Television
Just For Fun
Miscellaneous
History
Literature
Language
Science
Gaming
Entertainment
Religion
Holiday
For Kids
Quiz Lab
Recent
Popular Today
Quiz Kudos Today
Editor Picks
Curator Picks
Quizzes by...
Day
Popularity
Type
Ratings
Length
Year
Community
Subscriptions
Recent Discussions
Orange Saloon
Badges
Playlists
Quests
Create
Leaderboards
Showdown
Live 5
Trivia Bingo
Activity
Puzzle Library
Sporcle Events
Private Events
Virtual Trivia
Globe League
Become a Host
Pub Owners
SporcleCon
Opinionation
Our Games
Videos
Blog
Mobile Apps
Partnerships
Remove Ads and Go Orange
Feedback
Religion
Mythology
Religious Music
World Religions
Bible
Christianity
Catholicism
Judaism
Church
Scripture
Islam
Verse
Religion
Mythology
Religious Music
World Religions
Bible
Christianity
Catholicism
Judaism
Church
Scripture
Islam
Verse
Random Quiz
Search Sporcle
×
Quiz Lab
Quiz Lab
Religion
dess
Type in answers that appear in a list
Type in answers that appear in a list
Classic
Best Score? Go Orange.
Egyptian God/dess by Picture Stats
Can you name the Egyptian God/dess by Picture?
By
ElectricalBrain
5m
20 Questions
989 Plays
989 Plays
989 Plays
Comments
Comments
Give Quiz Kudos
Give Quiz Kudos
-
- Ratings
hide this ad
Replay
Link that replays current quiz
Next Quiz
Link to next quiz in quiz playlist
You Got
0%
They Got
Avg Score
51%
Avg Friend Score
Upgrade to see
Score Distribution
Jump to the score distribution portion of the page
Score
0/20
Timer
05:00
0
Plays Today
% Correct
Ra
84.6%
Anubis
82.8%
Osiris
82.8%
Isis
82.7%
Horus
74.5%
Set
72.9%
Thoth
62.1%
Amun
57.7%
Nu
53.3%
Hathor
47.1%
% Correct
Sekhmet
44.7%
Sobek
43.4%
Ptah
41%
Atum
36.2%
Hapy
35.4%
Shu
32.6%
Khnum
32.1%
Khepri
29.9%
Min
20.3%
Seshat
19.7%
Quiz Playlist
Details
Report
Send in Message
Add To Playlist
Classic:
Type in answers that appear in a list
Last Updated: Mar 15, 2018
Quiz Scoreboard
CHALLENGE
Sign Up to Join the Scoreboard
Show All
Scores
Hide
Comments
May contain spoilers
Recently Published
Popular People in 1961
by mucciniale
History
6m
1-10 Letter E Words III
by El_Dandy
Language
2m
One Thing in Common: World Cities II
by knightlancer
Geography
7m
More to Explore
Quiz From the Vault
Featured Blog Post
Where Did the Easter Bunny Come From?
hide this ad
You Might Also Like...
Tags
dess
Egyptian
god
Image Quiz
Today's Top Quizzes in Religion
Browse Religion
hide this ad
Top Contributed Quizzes in Religion
1
10 to 1: Islam
2
10 to 1: Protestantism
3
10 to 1: Norse Religion
4
10 to 1: Judaism
5
10 to 1: Hinduism
6
Names of Surahs in the Quran
7
One Thing in Common: Mythology II
8
One Thing in Common: Mythology
9
Language by 'Haggadah' Cover
10
Order Up: Seven Last Words of Christ
Explore More
Trending Topics
Disney
NBA
Marvel
Crossword
Harry Potter
Kpop
Anime
WWE
Puzzle
Song
NFL
Country
The Office
Pokémon
Soccer
hide this ad
More By:
ElectricalBrain
Quiz
Plays
Rating
Category
Featured
Created
Movie Characters by Lego
405,431
3.83
Movies
Jun 23, 2010
Soccer Team Crests
261,976
4.38
Sports
Apr 24, 2010
Famous Miis
171,632
4.33
Gaming
Nov 14, 2010
Famous Characters by Mr. Potato Head
140,082
4.56
Entertainment
May 31, 2010
Countries by Historical Travel Posters
129,421
4.64
History
Jun 28, 2011
Go to Creator's Profile
Score Distribution
Quiz Creator Spotlight
ElectricalBrain
Follow
Send a Message
Quizzes Created
-
Created Quiz Play Count
-
More By This Creator
Popular Quizzes Today
1
Find the US States - No Outlines Minefield
2
The Countries of the World
3
Find the Countries of Europe - No Outlines Minefield
4
Popular People in 1961
5
1-10 Letter E Words III
6
Find the US States
7
One Thing in Common: World Cities II
8
US States
More Religion Quizzes
Build a Chorus: Shine Jesus Shine
Editor's Pick
Trending Quizzes
Risky Map Clicking: Least Populous States A-Z
1-10 Letter F Words
1-10 Letter G Words
One Thing in Common: United Kingdom
Risky Map Clicking: Next State Alphabetically
Recently Updated
Leaping Animals
pecheneg
Reality TV Shows (A-Z)
bhenderson79
Rickey Henderson's Hall of Fame Teammates
pecheneg
Champions League XIs: Arsenal
pecheneg
Quick Pick: Celebrities in WWE's Hall of Fame
aduchscher
A-Z Keypad Blitz II
pecheneg
Multiple Oscar Actors
pecheneg
Mystery Phrase Blitz: Oscar 'Best Actors'
pecheneg
F. Scott Fitzgerald Novels
LTH
Pick 3 Villains
ddd62291
Trending Topics
Crossword
Harry Potter
Disney
Kpop
Anime
NBA
Marvel
Country
Pokémon
WWE
Song
Soccer
NFL
The Office
Puzzle
Your Account Isn't Verified!
In order to create a playlist on Sporcle, you need to verify the email address you used during registration. Go to your
Sporcle Settings
to finish the process.
Report this User
Report this user for behavior that violates our
Community Guidelines
.
Details:
Send Report
Go to the Sporcle.com Mobile Site →
Comments